000 00533nam a2200205Ia 4500
005 20250508160547.0
008 008 250505s9999 xx 000 0 eng d
037 _aTextual
040 _aFEDL
_beng
_cFEDL
041 _aeng
_2eng
084 _a150, LOR
_qFEDL
100 _aLorenz Konard
_9768794
245 0 _aOn Aggression
260 _aLondon, UK
_bMethuen and Co. Ltd
_c1966
300 _axiii,273p.
365 _aINR
_b9.45
650 _aPsychology
942 _cTEXL
_h150, LOR
999 _c1365346
_d1365346